فتنة المسيح الدجال و عجائب يأجوج و مأجوج / (Record no. 51098)

MARC details
000 -LEADER
fixed length control field 00544nam a22001697a 4500
005 - DATE AND TIME OF LATEST TRANSACTION
control field 20251108170856.0
008 - FIXED-LENGTH DATA ELEMENTS--GENERAL INFORMATION
fixed length control field 250721s1993 xx 000 0 ara d
082 14 - DEWEY DECIMAL CLASSIFICATION NUMBER
Classification number 214.2/علي
100 1# - MAIN ENTRY--PERSONAL NAME
Personal name علي، أميمة محمد
245 10 - TITLE STATEMENT
Title فتنة المسيح الدجال و عجائب يأجوج و مأجوج /
264 1# - PRODUCTION, PUBLICATION, DISTRIBUTION, MANUFACTURE, AND COPYRIGHT NOTICE
Place of production, publication, distribution, manufacture القاهرة :
Name of producer, publisher, distributor, manufacturer دار الروضة للنشر و التوزيع،
Date of production, publication, distribution, manufacture, or copyright notice 1993.
300 ## - PHYSICAL DESCRIPTION
Extent 59ص
650 17 - SUBJECT ADDED ENTRY--TOPICAL TERM
Topical term or geographic name as entry element اليوم الآخر
650 17 - SUBJECT ADDED ENTRY--TOPICAL TERM
Topical term or geographic name as entry element علامات الساعة
942 ## - ADDED ENTRY ELEMENTS (KOHA)
Source of classification or shelving scheme Dewey Decimal Classification
Koha item type Books
Holdings
حالة السحب حالة الفقدان مصدر التصنيف حالة التلف غير قابل للإعارة المكتبة الرئيسية المكتبة الحالية موقع الرف تاريخ التزويد الرقم المتسلسل Total Checkouts رقم الإستدعاء الباركود تاريخ آخر ظهور تاريخ الفاتورة نوع المادة (كوها)
    Dewey Decimal Classification     مكتبة الأميرة ايمان العامة مكتبة الأميرة ايمان العامة الإعارة 01/11/2013 [8884]   214.2/علي PLD00284591 28/07/2025 01/11/2013 Books
Implemented & Customized by: BBB with SCIT (Smart Chains for Information Technology)

Powered by Koha